Skip to main content
Your cart is empty.
Your lists
Log in to create your own lists
Your cookies
العربية
English
العربية
Home
Search
Advanced search
Authority search
About
The noble scholar, jurist, historian
His Excellency Dr. Abdul Wahhab bin Ibrahim Abu Sulaiman, may Allah have mercy on him.
He was born in Umm Al-Qura in the year 1356 AH.
Library catalog
Title
Author
Subject
ISBN
ISSN
Series
Call number
Log in to your account
×
Login:
Password:
Home
MARC view: بحوث مقارنة في الفقه الإسلامي وأصوله /
Normal view
MARC view
ISBD view
بحوث مقارنة في الفقه الإسلامي وأصوله / (Record no. 8894)
[
view plain
]
MARC details
000 -LEADER
fixed length control field
02252cam a2200289 ia4500
003 - CONTROL NUMBER IDENTIFIER
control field
SA-RiAUC
005 - DATE AND TIME OF LATEST TRANSACTION
control field
20250613142257.0
008 - FIXED-LENGTH DATA ELEMENTS--GENERAL INFORMATION
fixed length control field
250613s1994 le f 00000 ara c
024 0# - OTHER STANDARD IDENTIFIER
Standard number or code
00000000972606
040 ## - CATALOGING SOURCE
Original cataloging agency
SA-RiAUC
Language of cataloging
ara
Transcribing agency
SA-RiAUC
Modifying agency
AE-DuMBRL
Description conventions
rda
050 #4 - LIBRARY OF CONGRESS CALL NUMBER
Item number
.D39 1994
082 04 - DEWEY DECIMAL CLASSIFICATION NUMBER
Classification number
251.072
Assigning agency
SA-RiAUC
090 ## - LOCALLY ASSIGNED LC-TYPE CALL NUMBER (OCLC); LOCAL CALL NUMBER (RLIN)
Classification number (OCLC) (R) ; Classification number, CALL (RLIN) (NR)
251.072
Local cutter number (OCLC) ; Book number/undivided call number, CALL (RLIN)
د ر ي
100 1# - MAIN ENTRY--PERSONAL NAME
Personal name
الدريني، فتحي،
Dates associated with a name
1923-2013
Relator term
مؤلف.
245 10 - TITLE STATEMENT
Title
بحوث مقارنة في الفقه الإسلامي وأصوله /
Statement of responsibility, etc.
الأستاذ الدكتور محمد فتحي الدريني.
250 ## - EDITION STATEMENT
Edition statement
الطبعة الأولى.
264 #1 - PRODUCTION, PUBLICATION, DISTRIBUTION, MANUFACTURE, AND COPYRIGHT NOTICE
Place of production, publication, distribution, manufacture
بيروت :
Name of producer, publisher, distributor, manufacturer
مؤسسة الرسالة للطباعة والنشر والتوزيع،
Date of production, publication, distribution, manufacture, or copyright notice
1994.
300 ## - PHYSICAL DESCRIPTION
Extent
2 مجلد ؛
Dimensions
24 × 17 سم
336 ## - CONTENT TYPE
Content type term
نص
Content type code
txt
Source
rdacontent
Materials specified
كتاب
337 ## - MEDIA TYPE
Media type term
بدون وسيط
Media type code
n
Source
rdamedia
338 ## - CARRIER TYPE
Carrier type term
مجلد
Carrier type code
nc
Source
rdacarrier
520 ## - SUMMARY, ETC.
Summary, etc.
يتناول كتاب (بحوث مقارنة في الفقه الإسلامي وأصوله) والذي قام بتأليفه د. محمد فتحي الدريني، موضوع (الفقه الإسلامي) الكتاب يوضح مؤلفه أن الفقهاء سلكوا في دراسة الفقه سبلا، كان منها الدراسة المقارنة، وقد كان هذا المنهج متبعا لدى الجامعات ومراكز العلم في عصرنا الحاضر، حيث اعتمد في ذلك الدراسة المقارنة للفقه الإسلامي، والغاية من ذلك الإنتفاع بالثمرات المبتكرة للفكر الإنساني في الإجتهاد، وفي التحليل والتعليل والتفريع والتأصيل؛ لذا كانت البحوث المقارنة مصدر إثراء للفقه الإسلامي، وذلك من ناحيتين: الأولى: بما تستلزمه هذه الدراسة من إستقصاء وتعمق وشمول، وما قد تنتجه من إجتهادات مبتكرة.
650 #7 - SUBJECT ADDED ENTRY--TOPICAL TERM
Topical term or geographic name entry element
أصول الفقه الإسلامي
General subdivision
بحوث
Source of heading or term
aucsh
942 ## - ADDED ENTRY ELEMENTS (KOHA)
Source of classification or shelving scheme
Dewey Decimal Classification
Koha item type
Books
Suppress in OPAC
No
949 ## - LOCAL PROCESSING INFORMATION (OCLC)
a
SA-JeALM
d
250613
u
eid123
n
1
Holdings
Withdrawn status
Lost status
Source of classification or shelving scheme
Materials specified (bound volume or other part)
Damaged status
Not for loan
Home library
Current library
Date acquired
Total checkouts
Full call number
Barcode
Date last seen
Price effective from
Koha item type
Dewey Decimal Classification
الجزء الاول
DR AbdElwahab Library
DR AbdElwahab Library
06/13/2025
251.072 د ر ي
000014541
06/13/2025
06/13/2025
Books
Dewey Decimal Classification
الجزء الثاني
DR AbdElwahab Library
DR AbdElwahab Library
06/13/2025
251.072 د ر ي
000014542
06/13/2025
06/13/2025
Books
Place hold
Print
Add to your cart
(remove)
Save record
BIBTEX
Dublin Core
MARCXML
MARC (non-Unicode/MARC-8)
MARC (Unicode/UTF-8)
MARC (Unicode/UTF-8, Standard)
MODS (XML)
RIS
ISBD
More searches
Search for this title in:
Other Libraries (WorldCat)
Other Databases (Google Scholar)
Online Stores (Bookfinder.com)
Open Library (openlibrary.org)
Exporting to Dublin Core...
×
Simple DC-RDF
OAI-DC
SRW-DC